हमारी संस्कृतिक एकता / (Record no. 113925)

MARC details
000 -LEADER
fixed length control field 01100nam a22002657a 4500
005 - DATE AND TIME OF LATEST TRANSACTION
control field 20170124103000.0
010 ## - LIBRARY OF CONGRESS CONTROL NUMBER
LC control number A-352877
020 ## - INTERNATIONAL STANDARD BOOK NUMBER
Terms of availability 42.00
International Standard Book Number 8121401569
035 ## - SYSTEM CONTROL NUMBER
System control number A-352877
037 ## - SOURCE OF ACQUISITION
Source of stock number/acquisition Cen Lib/Ret
040 ## - CATALOGING SOURCE
Original cataloging agency DPL
Language of cataloging HN
082 ## - DEWEY DECIMAL CLASSIFICATION NUMBER
Classification number 824.08
Item number रामधा
100 ## - MAIN ENTRY--PERSONAL NAME
Personal name रामधारी सिंह दिनकर
9 (RLIN) 54464
245 ## - TITLE STATEMENT
Title हमारी संस्कृतिक एकता /
Statement of responsibility, etc रामधारी सिंह दिनकर
246 ## - VARYING FORM OF TITLE
Title proper/short title Hamari sanskritik ekta
Remainder of title by Ramdhari Singh Dinkar
260 ## - PUBLICATION, DISTRIBUTION, ETC. (IMPRINT)
Place of publication, distribution, etc नई दिल्ली
Name of publisher, distributor, etc नेशनल पब्लिशिंग हाउस
Date of publication, distribution, etc 1987
270 ## - ADDRESS
Address 23, दरिया गंज
City नई दिल्ली
Postal code 110002
300 ## - PHYSICAL DESCRIPTION
Extent 110पृष्ठ.
Dimensions 20सेमी(सजिल्द)
650 ## - SUBJECT ADDED ENTRY--TOPICAL TERM
Topical term or geographic name as entry element हिंदी साहित्य
9 (RLIN) 54465
650 ## - SUBJECT ADDED ENTRY--TOPICAL TERM
Topical term or geographic name as entry element भारतीय संस्कृति
9 (RLIN) 54466
650 ## - SUBJECT ADDED ENTRY--TOPICAL TERM
Topical term or geographic name as entry element Hindi Literature
9 (RLIN) 54467
650 ## - SUBJECT ADDED ENTRY--TOPICAL TERM
Topical term or geographic name as entry element Indian culture
9 (RLIN) 3853
700 ## - ADDED ENTRY--PERSONAL NAME
9 (RLIN) 53319
942 ## - ADDED ENTRY ELEMENTS (KOHA)
Source of classification or shelving scheme Dewey Decimal Classification
Koha item type Hindi Books
Classification part 824.08
Call number suffix रामधा
Holdings
Withdrawn status Lost status Damaged status Not for loan Home library Current library Date acquired Source of acquisition Cost, normal purchase price Total Checkouts Full call number Barcode Date last seen Copy number Cost, replacement price Price effective from Koha item type
        Central Library Central Library 13/08/2015 Cen Lib/Ret 42.00   824.08 रामधा A-352877 13/08/2015 1 42.00 13/08/2015 Hindi Books

© Delhi Public Library
Hit Counter
free hit counter